01191 2200385 4500001002100000005001500021035002000036007000300056008004100059020001800100040002200118082001700140084001900157090002300176090002200199090002200221100003400243245006300277250002600340250002400366300004300390650002300433850001200456504003400468264005400502264005400556336002100610337003000631338002300661999002200684999002200706500003300728990002200761990002200783INLIS00000000085552720200508044151 a0010-0520000001ta200506 2016 yoia g ind d a979-420-934-1 aYOPDYOGbinddrda04223a307.3364 a307.3364 BUD s aDEP 307.3364 BUD s aCB-D.11 2014-1129 aCB-D.11 2016-27560 aBudi Prayitnod1961-epenulis10aSkema inovatif penanganan pemukiman kumuh /cBudi Prayitno aCetakan pertama, 2014 aCetakan kedua, 2016 axii, 160 halaman :bilustrasi ;c23 cm 4aPemukiman penduduk aYOPDYOG aBibliografi : halaman 154-15731aYogyakarta :bGadjah Mada University Press,c2014 aYogyakarta :bGadjah Mada University Press,c2016 2rdacontentateks 2rdamediaatanpa perantara 2rdacarrieravolume aCB-D.11/2014-1129 aCB-D.11/2016-2756 ayang diterima jilid I dan II aCB-D.11/2014-1129 aCB-D.11/2016-2756